Vorausschau auf den Schweinemarkt. Auswertung der Schweinezählung von Anfang april 1992.
Pokles stavu ošípaných v SRN k začiatku apríla 1992. Výraznejší pokles najmä vo východnom Nemecku. Rast počtu brezných ošípaných. Pokles spotreby bravčového mäsa o 2,9 perc. Výrobná cena zostane ešte vysoká, ale od jesene začne klesať.
Na minha lista:
| Autor principal: | |
|---|---|
| Outros Autores: | |
| Formato: | Capítulo de Livro |
| Idioma: | alemão |
| Assuntos: | |
| Tags: |
Sem tags, seja o primeiro a adicionar uma tag!
|
MARC
| LEADER | 00000naa a2200000 4500 | ||
|---|---|---|---|
| 001 | r009256 | ||
| 005 | 20221130112513.7 | ||
| 041 | 0 | |a ger | |
| 044 | |a DE | ||
| 245 | 1 | 0 | |a Vorausschau auf den Schweinemarkt. |b Auswertung der Schweinezählung von Anfang april 1992. |c E. Böckenhoff, M. Lohner |
| 520 | |a Pokles stavu ošípaných v SRN k začiatku apríla 1992. Výraznejší pokles najmä vo východnom Nemecku. Rast počtu brezných ošípaných. Pokles spotreby bravčového mäsa o 2,9 perc. Výrobná cena zostane ešte vysoká, ale od jesene začne klesať. | ||
| 610 | 2 | 0 | |a výroba živočíšna |
| 610 | 2 | 0 | |a trh |
| 610 | 2 | 0 | |a prognózy |
| 610 | 2 | 0 | |a 1992 |
| 610 | 2 | 0 | |a spotreba |
| 610 | 2 | 0 | |a Nemecko |
| 610 | 2 | 0 | |a údaje štatistické |
| 610 | 2 | 0 | |a ceny výrobné |
| 610 | 2 | 0 | |a mäso |
| 100 | 1 | |a Böckenhoff, E. | |
| 700 | 1 | |a Lohner, M. | |